| 000 | 00000nam 2200000za 4500 |
| 001 | 9.824511 |
| 003 | CaOODSP |
| 005 | 20221107144136 |
| 007 | cr ||||||||||| |
| 008 | 160921s2016 bcca ob f000 0 eng d |
| 020 | |a978-0-660-06361-4|z978-0-660-06363-8 |
| 040 | |aCaOODSP|beng |
| 043 | |an-cn--- |
| 086 | 1 |aR3-187/2016E-PDF|zR3-187/2016E |
| 245 | 00|aCCP handbook |h[electronic resource] : |bcomprehensive community planning for First Nations in British Columbia developed in partnership with First Nations CCP champions across British Columbia. |
| 246 | 17|aComprehensive community planning handbook |
| 250 | |a3rd ed. |
| 260 | |aVancouver, BC : |bIndigenous and Northern Affairs Canada, |cc2016. |
| 300 | |aii, 119 p. : |bill. |
| 500 | |a"September 2016." |
| 500 | |aIssued also in French under title: Guide de la PCG : planification communautaire globale pour les Premières Nations de la Colombie-Britannique conçu en partenariat avec les champions de la PCG des Premières Nations en Colombie-Britannique. |
| 500 | |aThe catalogue number (R3-187/2016E) and ISBN (978-0-660-06363-8) for the print edition have been copied in this electronic publication. |
| 504 | |aIncludes bibliographical references. |
| 530 | |aIssued also in printed form. |
| 692 | 07|2gccst|aAboriginal peoples |
| 692 | 07|2gccst|aCommunity programs |
| 710 | 1 |aCanada. |bIndigenous and Northern Affairs Canada. |
| 775 | 08|tGuide de la PCG |w(CaOODSP)9.824515 |
| 776 | 0#|tCCP handbook : |w(CaOODSP)9.824518 |
| 794 | |tCCP handbook |w(CaOODSP)9.853652 |
| 856 | 40|qPDF|s12.45 MB|uhttps://publications.gc.ca/collections/collection_2016/aanc-inac/R3-187-2016-eng.pdf |